Bienvenue à la Médiathèque de Saint-Andiol
banniere
Accueil Recherche avancée Mon compte
handi1 Rechercher dans le catalogue

Filtre   Mots-clés
  Recherche avancée
 
Lister les dernières nouveautés
 
Lister les livres GROS CARACTERES
 
Lister les périodiques (magazines)

handi1 histoires des trois petits cochons racontées dans le monde (Les)

<< Retourner aux résultats de la recherche
Book Cover
Auteur principal : Fabienne Morel
Autres auteurs : Gilles Bizouerne
Autres auteurs : Marion Jeannerot
Titre : histoires des trois petits cochons racontées dans le monde (Les)
Support : Livres
Langue : Francais
Publié : DL 2010 Syros [Paris]
Genre : Conte
Collection : (Le )tour du monde d'un conte des petits
Sujets :
Étiquettes :
Pas de tags
LEADER 01466nam0a2200277 450
001 16825425
010 |a 978-2-7485-0975-5  |b rel.  |d 13,9 € 
100 |a 20110603d2026 u u0frey01 ba 
101 0 |a fre 
102 |a FR 
200 0 |a histoires des trois petits cochons racontées dans le monde (Les)  |f par Fabienne Morel et Gilles Bizouerne  |g illustrées par Marion Jeannerot - illustrées par Marion Jeannerot 
207 1 |a   
210 |a [Paris]  |c Syros  |d DL 2010 
215 |a 1 vol. (non paginé [58] p.)  |c ill. en coul., couv. ill. en coul.  |d 33 cm 
225 1 |a (Le )tour du monde d'un conte des petits  |v 1 
330 |a Quatre histoires sur le thème des trois petits cochons : une version anglaise, une version bretonne, Le renard et les petites poulettes, une version canadienne, L'ours et la grosse truie, et une version afro-américaine, Monsieur Loup. En paille, en pierre, en petits crottins de chèvre, en épingles, en écorce, leurs maisons ne sont pas toujours solides, mais tous ces animaux résistent vaillamment... 
464 |a Les trois petits cochons 
464 |a Le renard et les petites poulettes 
464 |a Maître Ours et dame Truie 
464 |a Monsieur Lapin et monsieur Loup 
700 0 |a Morel  |b Fabienne  |4 70 
701 0 |a Bizouerne  |b Gilles  |f 1978-....  |4 70 
702 0 |a Jeannerot  |b Marion  |4 440 
900 |a Conte 
901 |a Jeunesse 
995 |a Médiathèque  |c Médiathèque  |f 089011488  |h 089011488  |k C MOR  |o p  |q j  |r az  |e Médiathèque